| 000 | 01231nam a2200301 i 4500 | ||
|---|---|---|---|
| 001 | 000038296 | ||
| 003 | DO-SdBNP | ||
| 005 | 20251120101957.0 | ||
| 007 | ta | ||
| 008 | 130408s1993 dr 000 0 spa d | ||
| 040 |
_aDO-SdBNP _bspa _cBNPHU _erda |
||
| 041 | _asp | ||
| 082 | 4 |
_a347.06 _bP645e _222 |
|
| 100 | 1 |
_aPina Acevedo M., Ramón _eautor. _955114 |
|
| 245 | 1 | 0 |
_aEn defensa de la prueba : _bRoberto Tonos, Frank Valdez y Julio Alcántara ante la justicia dominicana / _cRamón Pina Acevedo M. |
| 264 |
_aSanto Domingo : _bTaller , _c1993. |
||
| 300 |
_a200 páginas ; _c23 cm. |
||
| 336 |
_ardacontent _btexto _2txt |
||
| 337 |
_ardamedia _bsin mediación _2n |
||
| 338 |
_ardacarrier _bvolumen _2nc |
||
| 505 | _aDefensa ante la Cámara de Calificación del Distrito Nacional 15|Primer escrito ampliativo 123|Segundo escrito ampliativo 135|Inventarios 141|Dos cartas memorables 157|En la búsqueda de frenar las arbitrariedades judiciales 165|Una última declaración de incapacidad policial y Judicial 187 | ||
| 590 | _aInventariado, 2023/BT | ||
| 650 | 4 |
_aDerecho penal _zRepública Dominicana _916470 |
|
| 650 | 4 |
_aNarcotráfico _96030 |
|
| 650 | 0 |
_aPrueba (Derecho) _919633 |
|
| 910 | _aDG | ||
| 942 |
_2ddc _cLBS1 |
||
| 999 |
_c37786 _d37786 |
||